000 00904nam a22002535i 4500
001 178515
003 ES-MaACL
005 20260301183426.0
008 110606s2000 sp |||| | spa d
020 _a84-95354-27-6
080 _a929 Leonor (460.18)
080 _a929 Alfonso (460.18) XI
100 1 _aMerino, Ignacio.
_980516
245 1 0 _aAmor es rey tan grande
_b: Leonor de Guzmán /
_cIgnacio Merino ; prólogo de Fernando García de Cortázar.
260 _aMadrid :
_bMaeva,
_cD. L. 2000.
300 _a488 p. ;
_c22 cm.
490 1 _aNueva historia
600 0 4 _aLeonor
_cReina consorte de Alfonso XI, Rey de Castilla.
_9146942
600 0 4 _aAlfonso
_bXI,
_cRey de Castilla
_919873
700 1 _aGarcía de Cortázar, Fernando.
_954413
830 0 _aNueva historia
_9191014
852 _aES-MaACL
_jE-15268
_z.- Dedicatoria y firma autógrafa del autor
999 _c178515
_d178515